000 01588cam a2200325 4500
999 _c5751
_d5751
001 a4456380
003 SpMaBN
005 20200426024946.0
008 090401s2008 sp | |||| 000 0 spa
015 _aMON0907
017 _aSE 5672-2008
_bOficina Depósito Legal Sevilla
020 _a9788496780453
035 _a(OCoLC)733771965
040 _aSpMaBN
_bspa
_cSpMaBN
_erdc
082 _a327.1 S456 2008
245 0 0 _aSeguridad y defensa hoy :
_bconstruyendo el futuro /
_cJosé Julio Fernández Rodríguez, Javier Jordán Enamorado, Daniel Sansó-Rubert Pascual (editores)
260 _aVillaviciosa de Odón, Madrid :
_bPlaza y Valdés,
_c2008
300 _a280 páginas.
490 _aProspectiva/Estudios de futuro
504 _aIncluye referencias bibliográficas
520 _aSeguridad y Defensa hoy. Construyendo el futuro es una obra colectiva que analiza varios de los puntos más candentes de la agenda de seguridad mundial. Por sus páginas desfilan las compañías militares y de seguridad privadas, el terrorismo global, el crimen organizado transnacional, las amenazas cibernéticas y otros temas de profundo interés como el papel de la información en los conflictos bélicos o la integración político-social de las comunidades islámicas, entre otros.
650 7 _aSeguridad internacional
_2Sears
650 7 _aTerrorismo
650 7 _aMercenarios
700 1 _aFernández Rodríguez, José Julio
_d1970-
700 1 _aJordán, Javier
_qJordán Enamorado
700 1 _aSansó-Rubert Pascual, Daniel
_eEditores
942 _2ddc
_cBK
_z3
956 _a2